000
00415nam a22001697a 4500
003
MPLRDC
005
20220104125657.0
008
210129b ||||| |||| 00| 0 eng d
082
_a
539.1 ZLS
100
_a
张乐水编辑
245
_a
情歌和民谣
_c
260
_a
_b
常春树书坊
_c
1977
300
_b
平
490
_a
中国人的书
650
_a
民谣歌曲; 民俗音乐
942
_c
BK
_o
539.1 ZLS
999
_c
29266
_d
29256